[Event "Titled Tue 10th Jun Early"]
[Site "chess.com INT"]
[Date "2025.06.10"]
[Round "10"]
[White "Vedant, Nitin Vekhande"]
[Black "Shubenkova, Veronika"]
[Result "1-0"]
[WhiteTitle "CM"]
[BlackTitle "WFM"]
[WhiteElo "2167"]
[BlackElo "2031"]
[WhiteFideId "45073449"]
[BlackFideId "44124040"]
[EventDate "2025.06.10"]

1. e4 e6 2. d3 d5 3. Nd2 Nf6 4. g3 c5 5. Bg2 Nc6 6. Ngf3 Bd6 7. O-O d4 8. Re1 e5
9. Nf1 Be6 10. h3 Qc7 11. Bg5 Nd7 12. Bd2 f6 13. N3h2 O-O-O 14. a3 g5 15. Qe2
Kb8 16. Reb1 Ne7 17. b4 c4 18. c3 cxd3 19. Qxd3 Bc4 20. Qf3 h5 21. Rc1 d3 22.
Ne3 Be6 23. c4 Qc6 24. Nd5 g4 25. hxg4 hxg4 26. Qxd3 Qc8 27. c5 Rxh2 28. cxd6
Rxg2+ 29. Kxg2 Nc6 30. Ne7 Nxe7 31. dxe7 Nc5 32. Qxd8 1-0

[Event "Titled Tue 10th Jun Early"]
[Site "chess.com INT"]
[Date "2025.06.10"]
[Round "10"]
[White "Chiang, Jacob"]
[Black "Cherepov, Alexej"]
[Result "0-1"]
[BlackTitle "CM"]
[WhiteElo "2006"]
[BlackElo "2083"]
[WhiteFideId "30962331"]
[BlackFideId "13503650"]
[EventDate "2025.06.10"]

1. Nf3 Nf6 2. c4 c5 3. Nc3 e6 4. d4 cxd4 5. Nxd4 b6 6. e4 Bb7 7. e5 Ne4 8. Nxe4
Bxe4 9. a3 a6 10. Be3 Qc7 11. f3 Bb7 12. f4 d6 13. Nf3 Nd7 14. exd6 Bxd6 15. Qd2
Nf6 16. Be2 Ne4 17. Qc1 O-O 18. O-O Rfd8 19. b4 a5 20. b5 Rac8 21. Rd1 Bc5 22.
g3 Rxd1+ 23. Bxd1 Bxe3+ 24. Qxe3 Qxc4 25. Qxb6 Nc5 26. Kg2 a4 27. Qa5 h5 28. Qb4
Qd3 29. Rc1 h4 30. Qc3 Qe4 31. Qc2 Nd3 32. Qxc8+ Bxc8 33. Rxc8+ Kh7 34. Kf1 Qe3
35. Rc2 hxg3 36. hxg3 f6 37. Rh2+ Kg8 38. Rd2 e5 39. fxe5 fxe5 40. Rc2 e4 41.
Rc8+ Kf7 42. Rc7+ Ke8 43. Kg2 exf3+ 44. Bxf3 Ne1+ 45. Kh3 Qxf3 46. Rxg7 Qh5# 0-1

[Event "Titled Tue 10th Jun Early"]
[Site "chess.com INT"]
[Date "2025.06.10"]
[Round "10"]
[White "Gubatayev, Ahmet"]
[Black "Arya G Mallar"]
[Result "1-0"]
[WhiteTitle "CM"]
[BlackTitle "WCM"]
[WhiteElo "2191"]
[BlackElo "2000"]
[WhiteFideId "14004526"]
[BlackFideId "25115324"]
[EventDate "2025.06.10"]

1. Nf3 Nf6 2. c4 c5 3. g3 d5 4. cxd5 Nxd5 5. Bg2 Nc6 6. d4 e6 7. O-O Be7 8. Nc3
Nxc3 9. bxc3 cxd4 10. cxd4 O-O 11. Bb2 Bf6 12. e4 Qb6 13. Rb1 Qa5 14. Qb3 Rd8
15. Rfd1 b6 16. d5 Bxb2 17. dxc6 Rxd1+ 18. Rxd1 Bf6 19. e5 Be7 20. Qd3 h6 21. c7
Ba6 22. Qd7 Qa3 23. Nd4 Rc8 24. Nc6 Bc5 25. Nxa7 Ra8 26. Bxa8 Qxa2 27. c8=Q+ Kh7
28. Be4+ g6 29. Qxf7# 1-0

[Event "Titled Tue 10th Jun Early"]
[Site "chess.com INT"]
[Date "2025.06.10"]
[Round "10"]
[White "Schut, Han"]
[Black "Guliev, Gasan"]
[Result "0-1"]
[WhiteTitle "CM"]
[BlackTitle "CM"]
[WhiteElo "2088"]
[BlackElo "2123"]
[WhiteFideId "1005561"]
[BlackFideId "34165638"]
[EventDate "2025.06.10"]

1. e4 c5 2. Nf3 Nc6 3. d4 cxd4 4. Nxd4 Nf6 5. Nc3 e5 6. Ndb5 d6 7. Nd5 Nxd5 8.
exd5 Ne7 9. c3 Ng6 10. Qa4 Bd7 11. Qc4 Rc8 12. Qb4 Qb6 13. Be3 a5 14. Qa3 Qd8
15. Nxd6+ Bxd6 16. Qxd6 Qe7 17. Qxe7+ Nxe7 18. c4 b5 19. cxb5 Nxd5 20. Bd2 a4
21. Rc1 Rxc1+ 22. Bxc1 Ke7 23. Be2 Rb8 24. O-O Bxb5 25. Bxb5 Rxb5 26. Re1 f6 27.
f4 Ke6 28. fxe5 fxe5 29. Re4 a3 30. b3 Nc3 0-1

[Event "Titled Tue 10th Jun Early"]
[Site "chess.com INT"]
[Date "2025.06.10"]
[Round "10"]
[White "Zaksaite, Salomeja"]
[Black "Ghoreishi Amiri, Seyed Kian"]
[Result "0-1"]
[WhiteTitle "WGM"]
[BlackTitle "CM"]
[WhiteElo "2133"]
[BlackElo "2216"]
[WhiteFideId "12801496"]
[BlackFideId "36757527"]
[EventDate "2025.06.10"]

1. e4 c5 2. Nf3 d6 3. d4 cxd4 4. Nxd4 Nf6 5. Nc3 Nc6 6. Bc4 e6 7. Be3 Be7 8. Qe2
O-O 9. O-O-O a6 10. Bb3 Qc7 11. Rhg1 Nxd4 12. Bxd4 b5 13. g4 b4 14. Na4 Bb7 15.
f3 d5 16. Nb6 dxe4 17. Nxa8 Bxa8 18. fxe4 Nxe4 19. Qxa6 Bg5+ 20. Kb1 Nd2+ 21.
Ka1 Nxb3+ 22. cxb3 Bd5 23. Qb6 Qxb6 24. Bxb6 Ra8 25. Kb1 Be4+ 26. Ka1 Bd5 27.
Rxd5 exd5 28. Bc5 Rd8 29. Rd1 g6 30. Bxb4 d4 31. Rd3 Be3 32. a4 f5 33. gxf5 gxf5
34. Bd2 f4 35. Kb1 f3 36. Bxe3 dxe3 37. Rxd8+ Kf7 38. Rd3 f2 39. Rxe3 f1=Q+ 40.
Ka2 Qf2 0-1

[Event "Titled Tue 10th Jun Early"]
[Site "chess.com INT"]
[Date "2025.06.10"]
[Round "10"]
[White "Vlassov, Nikolai"]
[Black "Shevchenko, Yaroslav"]
[Result "1-0"]
[WhiteTitle "IM"]
[WhiteElo "2291"]
[BlackElo "2179"]
[WhiteFideId "4103360"]
[BlackFideId "34144684"]
[EventDate "2025.06.10"]

1. e4 c5 2. c3 d5 3. exd5 Qxd5 4. d4 Nf6 5. Nf3 e6 6. a3 Nc6 7. Be3 cxd4 8. cxd4
Be7 9. Nc3 Qd8 10. Qc2 O-O 11. Bd3 b6 12. Ne4 Bb7 13. Nxf6+ Bxf6 14. Bxh7+ Kh8
15. Be4 Rc8 16. Qe2 Qd7 17. h4 Kg8 18. Rd1 Na5 19. Bb1 Nc4 20. Bg5 Bxg5 21. hxg5
f5 22. gxf6 Rxf6 23. Ne5 Qb5 24. Bh7+ Kf8 25. Bd3 Qa5+ 26. b4 Qxa3 27. Nd7+ Ke7
28. Nxf6 Qc3+ 29. Kf1 gxf6 30. Rh7+ Kd6 31. Rxb7 Nb2 32. Bb5 1-0

[Event "Titled Tue 10th Jun Early"]
[Site "chess.com INT"]
[Date "2025.06.10"]
[Round "10"]
[White "Caku, Kler"]
[Black "Petersson, Kjell"]
[Result "1-0"]
[WhiteTitle "WFM"]
[BlackTitle "CM"]
[WhiteElo "2010"]
[BlackElo "2068"]
[WhiteFideId "4704703"]
[BlackFideId "1705148"]
[EventDate "2025.06.10"]

1. e4 c5 2. Nf3 d6 3. d4 cxd4 4. Nxd4 Nf6 5. Nc3 g6 6. Be2 Bg7 7. Be3 O-O 8. O-O
Nc6 9. Qd2 Ng4 10. Bxg4 Bxg4 11. f3 Bd7 12. Rad1 a6 13. Nb3 b5 14. Nd5 Re8 15.
Bb6 Qb8 16. Qf2 Rc8 17. Na5 Nxa5 18. Nxe7+ Kf8 19. Nxc8 Nc4 20. b3 Qxc8 21. bxc4
Qxc4 22. Rxd6 Be6 23. Qc5 Kg8 24. Rfd1 Qxc5+ 25. Bxc5 h5 26. a3 Rc8 27. Rd8+
Rxd8 28. Rxd8+ Kh7 29. Ra8 Bc4 30. Rxa6 b4 31. Rc6 bxa3 32. Bxa3 Bb5 33. Rc7
Bd4+ 34. Kh1 Kg7 35. c4 Ba4 36. c5 Kf6 37. Ra7 Bb5 38. Rb7 Bc6 39. Rb6 Bxc5 40.
Rxc6+ 1-0

[Event "Titled Tue 10th Jun Early"]
[Site "chess.com INT"]
[Date "2025.06.10"]
[Round "10"]
[White "Onur, Cigdem"]
[Black "Perry, Patrick"]
[Result "0-1"]
[WhiteTitle "WCM"]
[WhiteElo "1956"]
[BlackElo "2296"]
[WhiteFideId "6346030"]
[BlackFideId "30917727"]
[EventDate "2025.06.10"]

1. e4 Nf6 2. Nc3 e5 3. f4 d5 4. fxe5 Nxe4 5. Qf3 f5 6. d3 Nxc3 7. bxc3 d4 8. Bb2
Nc6 9. cxd4 Nxd4 10. Qf2 c5 11. Nf3 Nxf3+ 12. Qxf3 Qa5+ 13. Kd1 Be7 14. Be2 O-O
15. h4 Be6 16. h5 h6 17. Qg3 Bg5 18. Bc1 Bxc1 19. Kxc1 Qa3+ 20. Kd2 Qb4+ 21. Kc1
c4 22. dxc4 Bxc4 23. Bxc4+ Qxc4 24. Qb3 Rac8 25. Rb1 b6 26. Qxc4+ Rxc4 27. Rb5
Rfc8 28. Rb2 R8c5 29. Re1 Re4 30. Rxe4 fxe4 31. Kd2 Rxe5 32. Ke3 Rxh5 33. Kxe4
Rg5 34. Kf3 Kf7 35. Rb4 Ke6 36. Re4+ Kd5 37. Re8 a5 38. Rd8+ Kc5 39. g4 b5 40.
Kf4 Kb4 41. Rd3 a4 42. a3+ Kc4 43. Re3 Kd4 44. Re7 Kc3 45. Rc7+ Kb2 0-1

[Event "Titled Tue 10th Jun Early"]
[Site "chess.com INT"]
[Date "2025.06.10"]
[Round "10"]
[White "De Lima, Adriano Gaspar"]
[Black "Winkels, Marcel"]
[Result "1-0"]
[BlackTitle "CM"]
[WhiteElo "2107"]
[BlackElo "1905"]
[WhiteFideId "190861"]
[BlackFideId "1003887"]
[EventDate "2025.06.10"]

1. d4 Nf6 2. c4 c5 3. d5 e6 4. Nc3 exd5 5. cxd5 d6 6. e4 g6 7. f4 Bg7 8. Nf3 O-O
9. Bd3 Re8 10. O-O Bg4 11. h3 Bxf3 12. Qxf3 Nbd7 13. Kh1 a6 14. a4 Qc7 15. g4
Rab8 16. a5 c4 17. Bc2 Nc5 18. f5 Qe7 19. g5 Nfxe4 20. Nxe4 Nxe4 21. f6 Qe5 22.
Bxe4 Qxe4 23. Qxe4 Rxe4 24. fxg7 Re5 25. Bf4 Rxd5 26. Rfd1 Rf5 27. Bxd6 Rd8 28.
h4 Rf2 29. Be5 Re8 30. Re1 1-0

[Event "Titled Tue 10th Jun Early"]
[Site "chess.com INT"]
[Date "2025.06.10"]
[Round "10"]
[White "Bournel, Antoine"]
[Black "Chen, Yidong"]
[Result "1-0"]
[WhiteTitle "IM"]
[WhiteElo "2423"]
[BlackElo "2074"]
[WhiteFideId "26093553"]
[BlackFideId "8607028"]
[EventDate "2025.06.10"]

1. Nf3 Nf6 2. c4 c5 3. Nc3 Nc6 4. e3 e6 5. d4 cxd4 6. exd4 Bb4 7. d5 Ne7 8. Bd3
exd5 9. cxd5 Nexd5 10. O-O Nxc3 11. bxc3 Be7 12. Re1 O-O 13. c4 d6 14. Bb2 Bg4
15. h3 Bh5 16. g4 Bg6 17. Nd4 Re8 18. Nf5 Bxf5 19. Bxf5 Nd7 20. Qf3 Nc5 21. Rad1
Qc7 22. Ba1 Bg5 23. Bxh7+ Kxh7 24. Qf5+ Kh6 25. h4 g6 26. hxg5+ Kh7 27. Qf6 Rg8
28. Re3 1-0

[Event "Titled Tue 10th Jun Early"]
[Site "chess.com INT"]
[Date "2025.06.10"]
[Round "10"]
[White "Raptis, Nick"]
[Black "Topalov, Aleksandar"]
[Result "1/2-1/2"]
[WhiteTitle "FM"]
[BlackTitle "CM"]
[WhiteElo "2220"]
[BlackElo "2233"]
[WhiteFideId "2016850"]
[BlackFideId "925659"]
[EventDate "2025.06.10"]

1. d4 e6 2. Nc3 Bb4 3. e4 d5 4. exd5 exd5 5. Nf3 Nf6 6. Bd3 O-O 7. O-O h6 8. h3
Nc6 9. Bf4 a6 10. Re1 Re8 11. Qd2 Be6 12. a3 Bf8 13. Re2 Qd7 14. Rae1 Bf5 15.
Ne5 Nxe5 16. dxe5 Bxd3 17. Qxd3 Nh5 18. Bh2 g5 19. Nxd5 Rad8 20. Qf3 Qxd5 21.
Qxh5 Re6 22. Bg3 Qb5 23. b3 Rd4 24. h4 gxh4 25. Bxh4 Qc6 26. Bf6 Bg7 27. Bxg7
Kxg7 28. Qf5 Rg6 29. Re4 Qxc2 30. e6 Rxe4 31. Qxf7+ Kh8 32. Qf8+ Kh7 33. Qf7+
Kh8 34. Qf8+ Kh7 35. Qf7+ Kh8 1/2-1/2

[Event "Titled Tue 10th Jun Early"]
[Site "chess.com INT"]
[Date "2025.06.10"]
[Round "10"]
[White "Bustelo, Tabare"]
[Black "Leinov, Roman"]
[Result "0-1"]
[WhiteTitle "CM"]
[BlackTitle "CM"]
[WhiteElo "2043"]
[BlackElo "2120"]
[WhiteFideId "3000362"]
[BlackFideId "13504649"]
[EventDate "2025.06.10"]

1. e4 c5 2. b4 cxb4 3. Bc4 e6 4. Bb3 Nc6 5. Nf3 d5 6. e5 d4 7. d3 Bc5 8. O-O
Nge7 9. Nbd2 Ng6 10. Qe2 O-O 11. Nc4 b5 12. Nb2 a5 13. a4 bxa3 14. Nd1 b4 15.
Bg5 Qc7 16. h4 Ncxe5 17. h5 Nxf3+ 18. Qxf3 Bb7 19. Qh3 Nf4 20. Qg4 Nd5 21. Bh6
f5 22. Qg5 Rf6 23. Bxd5 Bxd5 24. Qxf6 gxf6 25. f4 Kf7 26. Rf2 Rg8 27. Re2 Qc6 0-1

[Event "Titled Tue 10th Jun Early"]
[Site "chess.com INT"]
[Date "2025.06.10"]
[Round "10"]
[White "Lloret Ramis, Juan Jose"]
[Black "Mkrtchyan, Mariam"]
[Result "0-1"]
[WhiteTitle "FM"]
[BlackTitle "WIM"]
[WhiteElo "2019"]
[BlackElo "2307"]
[WhiteFideId "2204053"]
[BlackFideId "13310828"]
[EventDate "2025.06.10"]

1. d4 d6 2. c4 e5 3. dxe5 dxe5 4. Qxd8+ Kxd8 5. Nc3 f6 6. e4 Be6 7. f4 Nd7 8.
Nf3 c6 9. f5 Bf7 10. Be3 Kc7 11. Rg1 Ne7 12. g4 h6 13. h4 Nc8 14. O-O-O Ncb6 15.
b3 a5 16. a4 Bc5 17. Bxc5 Nxc5 18. Kc2 Rad8 19. Be2 Nbd7 20. g5 hxg5 21. hxg5
Bh5 22. gxf6 gxf6 23. Rg7 Kc8 24. Ng1 Bxe2 25. Ngxe2 Rdg8 26. Rdg1 Rxg7 27. Rxg7
Na6 28. Nd1 Ndc5 29. Ng3 Nb4+ 30. Kc3 Rh3 31. Nf2 Rh2 0-1

[Event "Titled Tue 10th Jun Early"]
[Site "chess.com INT"]
[Date "2025.06.10"]
[Round "10"]
[White "Hury, Tymoteusz"]
[Black "Zong, Davis"]
[Result "0-1"]
[WhiteTitle "CM"]
[BlackTitle "FM"]
[WhiteElo "2115"]
[BlackElo "2242"]
[WhiteFideId "21839328"]
[BlackFideId "30903955"]
[EventDate "2025.06.10"]

1. e4 e5 2. Nf3 Nc6 3. Nc3 Nf6 4. h3 Bb4 5. Bd3 O-O 6. a3 Bxc3 7. dxc3 d6 8. O-O
Ne7 9. Nh4 b6 10. Bg5 Ng6 11. Nxg6 fxg6 12. f3 h6 13. Be3 Nh5 14. Bc4+ Kh7 15.
Qd2 g5 16. Bd5 Rb8 17. Bc6 Nf4 18. a4 Bd7 19. Bxd7 Qxd7 20. Bxf4 gxf4 21. b4 a5
22. b5 Qe6 23. Kf2 Qc4 24. Qd3 Qe6 25. Qd5 Qxd5 26. exd5 g5 27. Rae1 Kg6 28. Re4
Kf5 29. Rfe1 h5 30. Rc4 Rf7 31. Rh1 Rg8 32. Re4 Rfg7 33. Rc4 Rh7 34. Re4 Rgg7 0-1

[Event "Titled Tue 10th Jun Early"]
[Site "chess.com INT"]
[Date "2025.06.10"]
[Round "10"]
[White "Tao, Sihan"]
[Black "Lee, Junhyeok"]
[Result "0-1"]
[WhiteTitle "FM"]
[BlackTitle "IM"]
[WhiteElo "2202"]
[BlackElo "2434"]
[WhiteFideId "30982677"]
[BlackFideId "13202340"]
[EventDate "2025.06.10"]

1. e4 c5 2. Nf3 d6 3. d4 cxd4 4. Nxd4 Nf6 5. Nc3 a6 6. Be3 e6 7. Bc4 b5 8. Bb3
Be7 9. O-O O-O 10. Qd3 Bb7 11. a3 Nbd7 12. f3 Nc5 13. Qe2 Nxb3 14. Nxb3 Qc7 15.
Rad1 Rac8 16. Kh1 d5 17. Bg5 h6 18. Bh4 Nxe4 19. fxe4 Bxh4 20. exd5 exd5 21. Qg4
Bg5 22. h4 Be7 23. Nd4 Qc4 24. Rf4 h5 25. Qxh5 Rc6 26. Nxc6 Qxc6 27. Nxd5 Bd8
28. Rg4 Qxc2 29. Rf1 Qd3 30. Rf3 Qxd5 31. Rf5 Qd1+ 32. Kh2 Bc7+ 0-1

[Event "Titled Tue 10th Jun Early"]
[Site "chess.com INT"]
[Date "2025.06.10"]
[Round "10"]
[White "Kholyavko, Mariya"]
[Black "Slovineanu, Viacheslav"]
[Result "1-0"]
[WhiteTitle "WFM"]
[BlackTitle "IM"]
[WhiteElo "2175"]
[BlackElo "2412"]
[WhiteFideId "13748505"]
[BlackFideId "13900510"]
[EventDate "2025.06.10"]

1. e4 c6 2. d4 d5 3. exd5 cxd5 4. Bd3 Nc6 5. c3 Nf6 6. Nf3 Bg4 7. h3 Bxf3 8.
Qxf3 e6 9. O-O Bd6 10. Bg5 O-O 11. Nd2 a6 12. Qe2 Ne7 13. Nf3 Ng6 14. Ne5 Qc7
15. f4 Nd7 16. Rae1 Rae8 17. Qh5 b5 18. Qd1 Nb6 19. g4 Nc4 20. b3 Nb2 21. Qd2
Nxd3 22. Qxd3 Rc8 23. Rf3 Ne7 24. Bxe7 Qxe7 25. f5 exf5 26. Qxf5 Bxe5 27. Rxe5
Qa3 28. Qd7 Qc1+ 29. Kg2 Rxc3 30. Qxf7+ 1-0

[Event "Titled Tue 10th Jun Early"]
[Site "chess.com INT"]
[Date "2025.06.10"]
[Round "10"]
[White "Kapra, Jerjis"]
[Black "Bruhovich, Olexandr"]
[Result "1/2-1/2"]
[BlackTitle "CM"]
[WhiteElo "2055"]
[BlackElo "2208"]
[WhiteFideId "2640341"]
[BlackFideId "14119919"]
[EventDate "2025.06.10"]

1. Nf3 Nf6 2. c4 g6 3. Nc3 Bg7 4. e4 d6 5. d4 O-O 6. Be2 e5 7. Be3 Nc6 8. d5 Ne7
9. Nd2 Nd7 10. f3 f5 11. Qc2 f4 12. Bf2 Nf6 13. b4 g5 14. c5 g4 15. cxd6 cxd6
16. Nb5 Bd7 17. Nxd6 gxf3 18. gxf3 b6 19. Ba6 Ba4 20. Qxa4 Qxd6 21. Rc1 Rab8 22.
Qb5 Nh5 23. Ke2 Kh8 24. Rc2 Bf6 25. Nc4 Qd8 26. Rhc1 Ng6 27. Nd2 Bh4 28. Rc8 Qg5
29. Rxb8 Rxb8 30. Bxh4 Nxh4 31. Rc8+ Rxc8 32. Bxc8 Qg2+ 33. Kd3 Nxf3 34. Qe8+
Kg7 35. Qe7+ Kh6 36. Qf8+ Ng7 37. Qf6+ Kh5 38. Qf7+ Kh4 39. Qf6+ Kh5 40. Qf7+
Kh6 41. Qf6+ Kh5 1/2-1/2

[Event "Titled Tue 10th Jun Early"]
[Site "chess.com INT"]
[Date "2025.06.10"]
[Round "10"]
[White "Hernandez Jimenez, Alexander Andres"]
[Black "Golubovic, Erik"]
[Result "0-1"]
[WhiteTitle "FM"]
[BlackTitle "CM"]
[WhiteElo "2069"]
[BlackElo "2199"]
[WhiteFideId "3900452"]
[BlackFideId "14586908"]
[EventDate "2025.06.10"]

1. e4 c5 2. Nf3 d6 3. d4 cxd4 4. Nxd4 Nf6 5. Nc3 a6 6. h3 e5 7. Nde2 h5 8. g3
Be7 9. Bg2 O-O 10. O-O Be6 11. Bg5 Nbd7 12. h4 Rc8 13. Nd5 Nxd5 14. exd5 Bf5 15.
Bxe7 Qxe7 16. Nc3 Nf6 17. Re1 Qc7 18. Qd2 b5 19. a3 Qc5 20. Rac1 a5 21. Qg5 Bg6
22. Qe3 b4 23. axb4 axb4 24. Nd1 Ng4 25. Qxc5 Rxc5 26. c3 Rfc8 27. Be4 Bxe4 28.
Rxe4 bxc3 29. Rxc3 Nf6 30. Ra4 Nxd5 31. Rxc5 Rxc5 32. Ne3 Nxe3 33. fxe3 Rc1+ 34.
Kf2 Rc2+ 35. Kf3 Rxb2 36. Ra8+ Kh7 37. Rd8 Rd2 38. g4 hxg4+ 39. Kxg4 d5 40. Kf5
f6 41. Ke6 d4 42. exd4 Rxd4 43. Ra8 Rxh4 0-1

[Event "Titled Tue 10th Jun Early"]
[Site "chess.com INT"]
[Date "2025.06.10"]
[Round "10"]
[White "Moosavifar, Seyed Abolfazl"]
[Black "Vogel, Roven"]
[Result "1/2-1/2"]
[WhiteTitle "FM"]
[BlackTitle "GM"]
[WhiteElo "2303"]
[BlackElo "2551"]
[WhiteFideId "42548195"]
[BlackFideId "12908088"]
[EventDate "2025.06.10"]

1. e4 c5 2. Nf3 e6 3. d4 cxd4 4. Nxd4 Nc6 5. Nc3 a6 6. Nxc6 bxc6 7. Bd3 d5 8.
O-O Nf6 9. Qf3 Be7 10. Re1 O-O 11. Bd2 Rb8 12. b4 Rxb4 13. e5 Nd7 14. a3 Rb8 15.
Bxh7+ Kxh7 16. Qh5+ Kg8 17. Re3 f6 18. Rg3 Qe8 19. Qg4 Rf7 20. Qh5 fxe5 21. Rh3
Rf8 22. Qh7+ Kf7 23. Qh5+ Kg8 24. Qh7+ Kf7 25. Qh5+ Kg8 1/2-1/2

[Event "Titled Tue 10th Jun Early"]
[Site "chess.com INT"]
[Date "2025.06.10"]
[Round "10"]
[White "Montejo Bello, Lorena Beatriz"]
[Black "Brancaleoni, Maurizio"]
[Result "1-0"]
[WhiteTitle "WFM"]
[BlackTitle "FM"]
[WhiteElo "2090"]
[BlackElo "2185"]
[WhiteFideId "3529045"]
[BlackFideId "803022"]
[EventDate "2025.06.10"]

1. e4 c6 2. d4 d5 3. e5 c5 4. dxc5 e6 5. Nf3 Bxc5 6. Bd3 Nc6 7. O-O f6 8. Re1
fxe5 9. Nxe5 Nxe5 10. Rxe5 Nf6 11. Nd2 O-O 12. Nf3 Bd6 13. Re1 Ne4 14. Be3 Nc5
15. Bxh7+ Kxh7 16. Ng5+ Kg6 17. Qg4 e5 18. Ne6+ Kf7 19. Ng5+ Kg6 20. Ne6+ Kf7
21. Nxd8+ Rxd8 22. Qh5+ Kg8 23. Bxc5 Bxc5 24. Rxe5 Rf8 25. Rf1 Bd4 26. Rxd5 Bf6
27. c3 Be6 28. Rd2 Rae8 29. Re1 Bc4 30. Rxe8 Rxe8 31. Qxe8+ Kh7 32. Qe4+ 1-0

[Event "Titled Tue 10th Jun Early"]
[Site "chess.com INT"]
[Date "2025.06.10"]
[Round "10"]
[White "Nouali, Mohamed"]
[Black "Asish Panda"]
[Result "0-1"]
[WhiteTitle "FM"]
[WhiteElo "2160"]
[BlackElo "1911"]
[WhiteFideId "5502462"]
[BlackFideId "45012458"]
[EventDate "2025.06.10"]

1. e4 e6 2. d4 d5 3. Nc3 Nf6 4. Bg5 Be7 5. e5 Nfd7 6. Bxe7 Qxe7 7. f4 a6 8. Nf3
c5 9. dxc5 Nc6 10. Bd3 Qxc5 11. Qd2 b5 12. O-O-O Nb6 13. Kb1 Bd7 14. f5 Rc8 15.
Qg5 g6 16. Qf6 O-O 17. Qh4 exf5 18. Qh6 Qe7 19. h4 Nxe5 20. h5 Ng4 21. Qf4 Qe3
22. Qd6 Rc6 23. Qa3 Qc5 24. hxg6 fxg6 25. Qxa6 b4 26. Ne2 Rc7 27. Ned4 Ra8 28.
Nb3 Qd6 0-1

[Event "Titled Tue 10th Jun Early"]
[Site "chess.com INT"]
[Date "2025.06.10"]
[Round "10"]
[White "Beniosev, Daniel"]
[Black "Zepeda Berlanga, Jan Enrique"]
[Result "1-0"]
[WhiteTitle "CM"]
[BlackTitle "CM"]
[WhiteElo "1959"]
[BlackElo "1984"]
[WhiteFideId "11632674"]
[BlackFideId "5132355"]
[EventDate "2025.06.10"]

1. e4 e5 2. Nf3 Nc6 3. Bc4 Bc5 4. c3 Nf6 5. d4 exd4 6. cxd4 Bb4+ 7. Nbd2 d5 8.
exd5 Nxd5 9. O-O O-O 10. a3 Bxd2 11. Bxd2 Bg4 12. Be3 Qd7 13. h3 Be6 14. Bd3 h6
15. Rc1 Rad8 16. Bb1 Qe7 17. Qc2 f5 18. Rfe1 Qf6 19. Ne5 Nxe3 20. fxe3 Nxe5 21.
dxe5 Qxe5 22. e4 Qf4 23. Qxc7 Qg5 24. Qe5 Rfe8 25. exf5 Rd2 26. Qe4 Bf7 27. Qf3
Red8 28. Be4 Rxb2 29. Bxb7 Rdd2 30. g4 Bb3 31. Rc8+ Kh7 32. f6 Rg2+ 33. Qxg2
Rxg2+ 34. Bxg2 Qd2 35. Be4+ 1-0

[Event "Titled Tue 10th Jun Early"]
[Site "chess.com INT"]
[Date "2025.06.10"]
[Round "10"]
[White "Sklokin, Sergey"]
[Black "Heimann, Alexander"]
[Result "0-1"]
[WhiteTitle "FM"]
[WhiteElo "2311"]
[BlackElo "2238"]
[WhiteFideId "55730230"]
[BlackFideId "2006073"]
[EventDate "2025.06.10"]

1. d4 Nf6 2. c4 e6 3. Nf3 b6 4. g3 Bb7 5. Bg2 Be7 6. O-O O-O 7. Nc3 Ne4 8. Nd2
Nxc3 9. bxc3 Bxg2 10. Kxg2 c5 11. d5 Bg5 12. f4 Bh6 13. e4 Re8 14. e5 d6 15. Ne4
dxe5 16. d6 f5 17. Ng5 Bxg5 18. fxg5 Nc6 19. Be3 Qd7 20. Qd3 Rad8 21. Rad1 e4
22. Qe2 Ne5 23. Bf4 Nd3 24. Qh5 e5 25. Be3 g6 26. Qh6 Qxd6 27. a4 Qe6 28. Qh4
Nb2 29. Rxd8 Rxd8 30. Qh6 Nxc4 31. Bg1 e3 32. Re1 Rd2+ 33. Kh3 f4+ 34. g4 e4 35.
a5 Ne5 36. Qh4 Nf3 37. Qh6 Nxe1 38. axb6 axb6 39. c4 Rg2 40. Qh4 b5 41. Bxe3
fxe3 42. cxb5 Rg1 43. b6 Qf7 44. Qg3 Rxg3+ 45. Kh4 Qf3 0-1

[Event "Titled Tue 10th Jun Early"]
[Site "chess.com INT"]
[Date "2025.06.10"]
[Round "10"]
[White "Le, Minh Tu"]
[Black "Olhovik, Andrei"]
[Result "0-1"]
[WhiteTitle "FM"]
[BlackTitle "FM"]
[WhiteElo "1932"]
[BlackElo "2282"]
[WhiteFideId "12404888"]
[BlackFideId "13507397"]
[EventDate "2025.06.10"]

1. e4 c5 2. Nf3 e6 3. c3 Nf6 4. e5 Nd5 5. d4 cxd4 6. cxd4 b6 7. Nc3 Bb7 8. Bd3
Be7 9. O-O O-O 10. Ne4 Nc6 11. Bg5 f6 12. exf6 Nxf6 13. Be3 Nb4 14. Nxf6+ Rxf6
15. Be2 Nd5 16. Ne5 Nxe3 17. fxe3 d6 18. Ng4 Rxf1+ 19. Qxf1 Bg5 20. Bf3 Qe7 21.
Bxb7 Qxb7 22. Qd3 Rf8 23. Rf1 Rxf1+ 24. Kxf1 Qd5 25. b3 Qf5+ 26. Qxf5 exf5 27.
h4 Bxh4 28. Nh2 d5 29. Nf3 Bf6 30. Ke2 Kf7 31. Ne1 g5 32. Nd3 Ke6 33. Kf3 h5 34.
Nb4 Be7 35. Nc6 a6 36. Nb8 a5 37. Nc6 g4+ 38. Kf4 h4 39. a3 Bd6+ 40. Kg5 h3 41.
gxh3 gxh3 42. Nd8+ Kd7 43. Nf7 h2 0-1

[Event "Titled Tue 10th Jun Early"]
[Site "chess.com INT"]
[Date "2025.06.10"]
[Round "10"]
[White "Ashraf, Artin"]
[Black "Grover, Sahaj"]
[Result "0-1"]
[WhiteTitle "FM"]
[BlackTitle "GM"]
[WhiteElo "2407"]
[BlackElo "2465"]
[WhiteFideId "22514805"]
[BlackFideId "5021103"]
[EventDate "2025.06.10"]

1. e4 e5 2. Bc4 Nc6 3. d3 Nf6 4. Nf3 Be7 5. O-O O-O 6. a3 d6 7. h3 h6 8. b4 a6
9. Nc3 Be6 10. Nd5 Nb8 11. Ne3 Nbd7 12. c3 c6 13. Bxe6 fxe6 14. Re1 Kh7 15. Bb2
Qe8 16. c4 Nh5 17. d4 exd4 18. Nxd4 Nf4 19. Kh2 Ne5 20. Rf1 Qg6 21. g3 Nfd3 22.
Qd2 c5 23. f4 cxd4 24. fxe5 Nxe5 25. Qxd4 Nf3+ 26. Rxf3 Rxf3 27. Rg1 Rf2+ 28.
Rg2 Bf6 29. Rxf2 Bxd4 30. Bxd4 Qxe4 31. Rf4 Qd3 32. Ba1 Qxe3 0-1